00000000nam##2200000za#4500
0019.590300
003CaOODSP
00520210624200047
007cr |||||||||||
008150406|2009||||xxc|||||o    f|0| 0 fre|d
022 |a1701-1280
040 |aCaOODSP|bfre
041 |aeng
041 |afre
043 |an-cn---
0861 |aFs70-4/2009-028-PDF
1101 |aCanada. |bMinistère des pêches et des océans.
24510|aExamen scientifique par des pairs zonal de l'anguille d'Amérique (Anguilla rostrata) préalable à l'évaluation du COSEPAC : |h[ressource électronique]|bLes 11 et 12 octobre 2005, Québec (Québec) / |cNicholas Mandrak, Président de la réunion.
260 |aSt. John's - Terre-Neuve et Labrador : |bPêches et Océans Canada |cNovembre 2009.
300 |a73p.|btableaux
4901 |aSecrétariat canadien de consultation scientifique, série des comptes rendus|x1701-1280|v2009/028
590 |a14-19-Supp|b2014-11-03
791 |tZonal Science Peer Review of the American eel (Anguilla rostrata) prior to assessment by COSEWIC : |eeng|w(CaOODSP)9.590299
830#0|aCompte rendu (Secrétariat canadien de consultation scientifique)|x1701-1280|v2009/028|w(CaOODSP)9.500508
85640|ahttp://publications.gc.ca|qPDF|s366 Ko|uhttps://publications.gc.ca/collections/collection_2014/mpo-dfo/Fs70-4-2009-028.pdf|y2009/028